000 03251nam0a2200397 4500
001 RU\NLR\BIBL_A\012385943
005 20201110110845.0
010 _a978-5-9239-1168-8
_9100
021 _aRU
_bКН-П-20-038304
_9КН-П-20-2902
035 _a(NLR Aleph) 012385943
035 _a(RuMoRGB)010370016
090 _a11651499
_c11651499
100 _a20201022d2020 u y0rusy50 ca
101 0 _arus
102 _aRU
105 _aa|||j|||000zy
181 0 _ai
_baxxe
182 0 _an
200 1 _aПроектирование технологических процессов и производств
_eучебное пособие для студентов бакалавриата направлений подготовки 18.03.01 "Химическая технология", 18.03.02 "Энерго- и ресурсосберегающие процессы в химической технологии, нефтехимии и биотехнологии"
_fО. П. Ковалева, кандидат технических наук, доцент
_gМинистерство науки и высшего образования РФ, Федеральное государственное бюджетное образовательное учреждение высшего образования "Санкт-Петербургский государственный лесотехнический университет имени С. М. Кирова", Кафедра технологии древесных и целлюлозных композиционных материалов
203 _aТекст
_bвизуальный
_cнепосредственный
210 _aСанкт-Петербург
_cСанкт-Петербургский государственный лесотехнический университет имени С. М. Кирова, Издательско-полиграфический отдел
_d2020
215 _a85 с.
_cил., табл.
_d21
320 _aБиблиогр.: с. 81 (10 назв.)
606 1 _aЦеллюлозно-бумажное производство
_jУчебные издания для высшей школы
_xТехнологическое проектирование
_92457005
_3RU\NLR\AUTH\6601677839
606 1 _aЦеллюлозно-бумажные заводы
_jУчебные издания для высшей школы
_xПроектирование
_91929316
_3RU\NLR\AUTH\661169263
606 1 _aЛесохимические производства
_jУчебные издания для высшей школы
_xТехнологическое проектирование
_92457012
_3RU\NLR\AUTH\6601677843
606 1 _aЛесохимические заводы
_jУчебные издания для высшей школы
_xПроектирование
_92457007
_3RU\NLR\AUTH\6601677841
686 1 _aН721.4-022я73-1
686 1 _aЛ76-642я73-1
686 1 _aЛ77-642я73-1
700 1 _7ca
_8rus
_aКовалева
_bО. П.
_cканд. техн. наук
_gОльга Петровна
_937395
_3RU\NLR\AUTH\7754463
942 _cBOOK
980 _aNBR
980 _aNB